00360nam a22001337a 450000500170000002000230001703500120004003700130005210000180006524500620008326000430014530000230018870000150021120120504160018.0 a8170148065c100.00 aB-60887 aDPLbENG aDhingra, I.C. aFoundations of economics /cby I.C. Dhingra and V.K. Garg aNew DelhibSultan Chand and Sonsc2001 axi, 582p.c20 cms. aGarg, V.K.